00788nam a2200193 a 4500003000200000005001700002008004100019050003100060100002700091245008500118260009300203300004000296504004100336650004300377650003800420650004700458650004100505650004800546020250224075206.0111114s19uu xx 00 eng d aPGS QR 82.E97b.Om55 2011  aOmillo, Mary Nicole E. aThe effect of Euphorbia hirta on Staphylococcus aureus /cMary Nicole E. Omillo. aLas Piñas City, Philippines : bSouthville International School and Colleges, c2011. a14 pages :billustrations ;c28 cm. aIncludes bibliographical references. aEuphorbia hirtaxExperimental research aEuphorbia hirtavTherapeutic use. aStaphylococcus aureusvEffect of drugs on. aStaphylococcus aureusvMicrobiology. aMedicinal plantsvAntibacterial properties.